000 01221cam a2200265 a 4500
001 4430
003 FISKH
005 20240905153634.0
008 881215s1989 nyu 000 1 eng
010 _a 88040628
020 _a067082982X :
020 _a9783453048805
040 _aDLC
_cDLC
_dDLC
_dOCoLC
_dDLC
_bGer
050 _aPS3561.I483
082 _a813.54
100 1 _aKing, Stephen,
_d1947-
245 1 4 _aThe dark half /
_cStephen King.
260 _aNew York :
_bViking,
_c1989.
300 _a472 pages :
_c19 cm
520 _aThad Beaumont would like to say he is innocent. He'd like to say he has nothing to do with the series of monstrous murders that keep coming closer to his home. He'd like to say he has nothing to do with the twisted imagination that produced his bestselling novels. He'd like to say he has nothing to do with the voice on the phone uttering its obscene threats and demanding total surrender. But how can Thad disown the ultimate embodiment of evil that goes by the name he gave it and signs its crimes with Thad's bloody fingerprints?
655 7 _aHorror tales.
_2gsafd
906 _a7
_bcbc
_corignew
_d1
_eocip
_f19
_gy-gencatlg
942 _2ddc
_cBK
_n0
999 _c4430
_d4430